000 00363nam a22001577a 4500
003 MPLRDC
005 20220104143941.0
008 210129b ||||| |||| 00| 0 eng d
082 _a411.3 YJDN c.7*
100 _a樱井达男著
245 _a芦荟疗法
_c
260 _a
_b南京出版公司
_c
300 _b
650 _a
942 _cBK
_o411.3 YJDN c.7*
999 _c44943
_d44933